Párhuzamok és ellentétek adalékok Hermann Heller és Carl Schmitt viszonyához
Elmentve itt :
| Szerző: | |
|---|---|
| Adatforrás: | Philobibl |
| Forrásdokumentuma: | Világosság 51.2010:ősz p. 137-143. |
| Dokumentumtípus: | Cikk |
| Nyelv: | magyar |
| Kulcsszavak: | Schmitt, C. Heller, H. filozófia, kortárs, német politikai filozófia államelmélet etatizmus nacionalizmus jogelmélet szuverenitás |
| LEADER | 00660nab a2200217 c 4500 | ||
|---|---|---|---|
| 001 | bibPHI0042290 | ||
| 005 | 20200924124715.7 | ||
| 008 | 100504s2010 hu hun | ||
| 035 | |a human/philobibl/42289 | ||
| 100 | 1 | |a Szilágyi Péter | |
| 245 | 1 | 0 | |a Párhuzamok és ellentétek |b adalékok Hermann Heller és Carl Schmitt viszonyához |c Szilágyi Péter |
| 695 | |a Schmitt, C. | ||
| 695 | |a Heller, H. | ||
| 695 | |a filozófia, kortárs, német | ||
| 695 | |a politikai filozófia | ||
| 695 | |a államelmélet | ||
| 695 | |a etatizmus | ||
| 695 | |a nacionalizmus | ||
| 695 | |a jogelmélet | ||
| 695 | |a szuverenitás | ||
| 773 | 0 | |t Világosság |g 51.2010:ősz p. 137-143. | |